Statistiques concernant Pays traversés par une chaine de montagne - Europe.

Cliquez ici pour prendre le quiz!

Statistiques générales

  • Ce quiz a été pris 246 fois
  • Le résultat moyen est 20 sur 21

Statistiques - réponses

Chaine de montagnePays % Correct
Espagne
100%
France
100%
France
100%
Italie
100%
Suisse
98%
Les AlpesAllemagne
97%
Les CarpatesAutriche
97%
Autriche
97%
Les PyrénéesAndorre
95%
Norvège
94%
Suède
94%
Alpes Scandinaves ou ScandesFinlande
93%
Hongrie
92%
Slovénie
92%
Roumanie
90%
Slovaquie
90%
Liechtenstein
88%
Pologne
86%
République Tchèque
86%
Ukraine
85%
Serbie
82%

Distribution des résultats

Percentile par nombre de réponses

% des personnes avec chaque résultat

Votre développement - résultats

Vous n’avez pas pris ce quiz